Statistics for Augusta National Hole Names

Click here to take the quiz!

General Stats

  • This quiz has been taken 13 times
  • The average score is 12 of 18

Answer Stats

HintAnswer% Correct
13Azalea
80%
3Flowering Peach
80%
2Pink Dogwood
80%
11White Dogwood
80%
9Carolina Cherry
70%
15Firethorn
70%
4Flowering Crabapple
70%
18Holly
70%
6Juniper
70%
5Magnolia
70%
16Redbud
70%
1Tea Olive
70%
10Camelia
60%
14Chinese Fir
60%
12Golden Bell
60%
17Nandina
60%
7Pampas
60%
8Yellow Jasmine
50%

Score Distribution

Percentile by Number Answered

Percent of People with Each Score

Your Score History

You have not taken this quiz